[Event "Vasylyshyn Memorial WGM"]
[Site "Lviv UKR"]
[Date "2010.11.28"]
[Round "6"]
[White "Petrenko, Svetlana"]
[Black "Buksa, Nataliya"]
[Result "1-0"]
[WhiteTitle "IM"]
[WhiteElo "2256"]
[BlackElo "1943"]
[WhiteFideId "13900196"]
[BlackFideId "14123622"]
[EventDate "2010.11.23"]
[EventType "tourn"]

1. e4 c5 2. Nf3 d6 3. d4 cxd4 4. Nxd4 Nf6 5. Nc3 a6 6. a4 e6 7. Be2 Be7 8. O-O
O-O 9. Be3 Nc6 10. Nb3 b6 11. f4 Bb7 12. Bf3 Qc7 13. g4 Rfd8 14. g5 Nd7 15. Bg2
Bf8 16. h4 Nc5 17. Nd4 Nb4 18. Qe2 e5 19. Nf5 d5 20. fxe5 dxe4 21. Nd6 Bxd6 22.
exd6 Qxd6 23. Rf2 Qe6 24. Bxc5 bxc5 25. Nxe4 Re8 26. Re1 Qd7 27. Qh5 Qc7 28. Qg4
Kh8 29. Ref1 Bd5 30. Nc3 Be6 31. Qf3 Rad8 32. Qh5 Qe5 33. Be4 f5 34. Rxf5 Qg3+
35. Kh1 g6 36. R5f3 Bg4 37. Rxg3 Bxh5 38. Rf2 Rd4 39. Re3 Kg7 40. Kg1 Red8 41.
Bg2 R8d7 42. Ne4 Re7 43. Kh2 Rd1 44. Rc3 Nd5 45. Rxc5 Ne3 46. Nf6 Bg4 47. Nd5
Nxd5 48. Rxd5 Rxd5 49. Bxd5 Rd7 50. c4 Bf5 51. b4 Re7 52. b5 axb5 53. axb5 Re3
54. Rf3 Re2+ 55. Kg3 Rb2 56. Ra3 Kf8 57. Ra7 Rb3+ 58. Kf4 Ke8 59. Rxh7 Kd8 60.
Ke5 1-0

[Event "Vasylyshyn Memorial WGM"]
[Site "Lviv UKR"]
[Date "2010.11.28"]
[Round "6"]
[White "Cherednichenko, Elena"]
[Black "Chlost, Marlena"]
[Result "1-0"]
[WhiteTitle "WFM"]
[BlackTitle "WFM"]
[WhiteElo "2149"]
[BlackElo "2152"]
[WhiteFideId "14105560"]
[BlackFideId "1122657"]
[EventDate "2010.11.23"]
[EventType "tourn"]

1. d4 Nf6 2. Nf3 g6 3. Nbd2 d5 4. e3 Bg7 5. b4 O-O 6. Bb2 Nbd7 7. Be2 b6 8. b5
Bb7 9. O-O c5 10. bxc6 Bxc6 11. c4 Qc7 12. Rc1 Qb7 13. Qb3 dxc4 14. Nxc4 a5 15.
a4 b5 16. axb5 Qxb5 17. Nxa5 Qxe2 18. Nxc6 Rfb8 19. Nxb8 Rxb8 20. Qxb8+ Nxb8 21.
Rc8+ Bf8 22. Rxb8 Nd7 23. Rb7 f6 24. Ba1 1-0

[Event "Vasylyshyn Memorial WGM"]
[Site "Lviv UKR"]
[Date "2010.11.28"]
[Round "6"]
[White "Hryhorenko, Nataliya"]
[Black "Gasik, Anna"]
[Result "0-1"]
[WhiteTitle "WIM"]
[BlackTitle "WFM"]
[WhiteElo "2344"]
[BlackElo "2196"]
[WhiteFideId "14111390"]
[BlackFideId "1121952"]
[EventDate "2010.11.23"]
[EventType "tourn"]

1. d4 d5 2. Nf3 c6 3. g3 Nf6 4. Bg2 g6 5. c4 dxc4 6. Ne5 Be6 7. e4 Nbd7 8. Bf4
Qb6 9. Nxd7 Nxd7 10. Qd2 Bg7 11. Be3 Qc7 12. O-O O-O 13. Na3 Rad8 14. Qe2 Qa5
15. Nxc4 Qb5 16. d5 cxd5 17. exd5 Bxd5 18. Bxd5 Qxd5 19. Bxa7 b5 20. Na3 Ne5 21.
f3 Nd3 22. Rad1 Rd7 23. Rxd3 Qxd3 24. Qxd3 Rxd3 25. Nxb5 Ra8 26. Rc1 Bxb2 27.
Rc7 Rd5 28. Rb7 Bf6 29. Nc7 Rd7 30. Nxa8 Rxb7 31. Be3 Rb4 32. Nb6 e6 33. a3 Rb3
34. Kf2 Rxa3 35. Nd7 Ra2+ 36. Kg1 Bg7 37. g4 Re2 38. Bg5 Bd4+ 0-1

[Event "Vasylyshyn Memorial WGM"]
[Site "Lviv UKR"]
[Date "2010.11.29"]
[Round "7"]
[White "Fominykh, Maria"]
[Black "Chulivska, Vita"]
[Result "0-1"]
[WhiteTitle "WIM"]
[BlackTitle "WIM"]
[WhiteElo "2309"]
[BlackElo "2215"]
[WhiteFideId "4142411"]
[BlackFideId "14108917"]
[EventDate "2010.11.23"]
[EventType "tourn"]

1. d4 Nf6 2. Nf3 e6 3. c4 d5 4. g3 dxc4 5. Bg2 a6 6. O-O Nc6 7. Nc3 Rb8 8. e4 b5
9. d5 Nb4 10. Bg5 Be7 11. a3 Nd3 12. Nd4 Bb7 13. b3 O-O 14. bxc4 bxc4 15. Qa4
Nxd5 16. exd5 Bxg5 17. Qxc4 Ne5 18. Qa4 Bf6 19. dxe6 Qxd4 20. Qxd4 Nf3+ 21. Bxf3
Bxd4 22. Bxb7 Rxb7 23. exf7+ Rxf7 24. Rac1 Rb3 25. Nd5 c5 26. a4 Ra3 27. Rc4 g5
28. Kg2 Ra2 29. h4 Bxf2 30. Kh3 Ra3 31. Rg4 h6 32. Rb1 Rd3 33. Rb8+ Kg7 34. Rd8
Bg1 35. hxg5 h5 36. Re4 Rd2 0-1

[Event "Vasylyshyn Memorial WGM"]
[Site "Lviv UKR"]
[Date "2010.11.29"]
[Round "7"]
[White "Gasik, Anna"]
[Black "Matseyko, Katerina"]
[Result "1/2-1/2"]
[WhiteTitle "WFM"]
[BlackTitle "WGM"]
[WhiteElo "2196"]
[BlackElo "2243"]
[WhiteFideId "1121952"]
[BlackFideId "14109794"]
[EventDate "2010.11.23"]
[EventType "tourn"]

1. e4 c5 2. Nf3 Nc6 3. d4 cxd4 4. Nxd4 Nf6 5. Nc3 e5 6. Ndb5 d6 7. Nd5 Nxd5 8.
exd5 Ne7 9. c3 Nf5 10. a4 g6 11. Bd3 Bg7 12. O-O O-O 13. f4 a6 14. Na3 Qb6+ 15.
Kh1 Ne3 16. Bxe3 Qxe3 17. Nc4 Qc5 18. b4 Qc7 19. fxe5 dxe5 20. Qe2 e4 21. Bxe4
Bxc3 22. Rad1 Bg4 23. Qxg4 Qxc4 24. d6 Rae8 25. Bf3 Qxg4 26. Bxg4 Re4 27. h3 Rd8
28. Rc1 Bxb4 29. d7 Ba5 30. Rc8 Rd4 31. Rd1 Rxd1+ 32. Bxd1 Kg7 33. Rxd8 Bxd8 34.
Kg1 Kf6 35. Bf3 b5 36. axb5 axb5 37. Kf2 Ke5 38. Bc6 b4 39. Ke3 Kd6 40. Ba4 Ke5
41. Kd3 f6 42. Bb3 Be7 43. Bg8 h6 44. Bf7 g5 45. Bh5 Kd5 46. Bd1 Kc5 47. Bg4 Kd5
48. Bf3+ Ke6 49. Bc6 Kd6 50. Ba4 Kc5 51. Bd1 f5 52. Bb3 Bf6 53. Be6 f4 54. Kc2
h5 55. Bf7 g4 56. hxg4 hxg4 57. Be6 f3 58. gxf3 g3 59. Bh3 Kc4 60. Bf1+ Kd4 61.
f4 1/2-1/2

[Event "Vasylyshyn Memorial WGM"]
[Site "Lviv UKR"]
[Date "2010.11.29"]
[Round "7"]
[White "Chlost, Marlena"]
[Black "Hryhorenko, Nataliya"]
[Result "1/2-1/2"]
[WhiteTitle "WFM"]
[BlackTitle "WIM"]
[WhiteElo "2152"]
[BlackElo "2344"]
[WhiteFideId "1122657"]
[BlackFideId "14111390"]
[EventDate "2010.11.23"]
[EventType "tourn"]

1. e4 e6 2. d4 d5 3. Nc3 Bb4 4. e5 c5 5. a3 Bxc3+ 6. bxc3 Ne7 7. h4 Qa5 8. Bd2
Nbc6 9. h5 cxd4 10. cxd4 Qa4 11. Bc3 b6 12. h6 gxh6 13. Qd3 a5 14. Qd2 Ba6 15.
Bxa6 Rxa6 16. f3 Qc4 17. Ne2 Kd7 18. Rxh6 b5 19. Kf2 Raa8 20. Rb1 b4 21. axb4
axb4 22. Bxb4 Rhb8 23. c3 Ra2 24. Rb2 Nxb4 25. cxb4 Rba8 26. Nc1 Rxb2 27. Qxb2
Nc6 28. Rxh7 Nxb4 29. Kg1 Qc2 30. Qxc2 Nxc2 31. Ne2 Ke7 32. Kf2 Ra2 33. Rh4 Nb4
34. Rh1 Nd3+ 35. Ke3 Nb2 36. Rb1 Nc4+ 37. Kf2 Kf8 38. Rd1 Kg7 39. g4 Rb2 40. Rd3
Rc2 41. Kf1 Rb2 42. Ng3 Kg6 43. f4 Rh2 44. Nh5 Rh4 45. Nf6 Rh8 46. Kg2 Nb2 47.
Rf3 Nc4 48. Rb3 Nd2 49. Rb7 Rd8 50. f5+ exf5 51. gxf5+ Kxf5 52. Rxf7 Nb3 53.
Nh5+ Kg6 54. Rf3 Nxd4 55. Rf4 Kxh5 56. Rxd4 Kg5 57. Rd2 Kf5 58. Re2 Re8 1/2-1/2

[Event "Vasylyshyn Memorial WGM"]
[Site "Lviv UKR"]
[Date "2010.11.29"]
[Round "7"]
[White "Buksa, Nataliya"]
[Black "Cherednichenko, Elena"]
[Result "1/2-1/2"]
[BlackTitle "WFM"]
[WhiteElo "1943"]
[BlackElo "2149"]
[WhiteFideId "14123622"]
[BlackFideId "14105560"]
[EventDate "2010.11.23"]
[EventType "tourn"]

1. e4 e5 2. Nf3 Nc6 3. Bb5 a6 4. Ba4 d6 5. O-O Bd7 6. c3 g6 7. d4 Bg7 8. Bb3 h6
9. dxe5 dxe5 10. Nbd2 Nge7 11. a4 O-O 12. Nc4 Be6 13. Qc2 Qc8 14. Re1 Kh7 15.
Be3 b6 16. a5 b5 17. Ncd2 Bxb3 18. Nxb3 Rd8 19. Bc5 Qe6 20. Rad1 Rxd1 21. Rxd1
Rd8 22. Rxd8 Nxd8 23. Be3 Nb7 24. Nc5 Nxc5 25. Bxc5 Nc6 26. b4 Nb8 27. Ne1 Kg8
28. Nd3 Nd7 29. Be3 Bf8 30. f3 Kh7 31. Qd2 Qc6 32. Nb2 Qd6 33. Qxd6 Bxd6 34. Nd3
Kg7 35. Kf1 Bf8 36. Ke2 f6 37. g3 Kf7 38. f4 Ke6 39. g4 g5 40. f5+ Kf7 41. Kd2
Ke8 42. Kc2 Kd8 43. Kb3 Kc8 44. c4 c6 1/2-1/2

[Event "Vasylyshyn Memorial WGM"]
[Site "Lviv UKR"]
[Date "2010.11.29"]
[Round "7"]
[White "Soloviova, Liza"]
[Black "Petrenko, Svetlana"]
[Result "1-0"]
[WhiteTitle "WGM"]
[BlackTitle "IM"]
[WhiteElo "2315"]
[BlackElo "2256"]
[WhiteFideId "14117665"]
[BlackFideId "13900196"]
[EventDate "2010.11.23"]
[EventType "tourn"]

1. d4 Nf6 2. c4 c6 3. Nc3 d5 4. g3 g6 5. Bg2 Bg7 6. Nf3 dxc4 7. O-O O-O 8. e4 b5
9. a3 a6 10. h3 Bb7 11. Qe2 Ne8 12. Rd1 Nc7 13. Be3 Nd7 14. Rd2 e6 15. e5 Nd5
16. Ne4 Nxe3 17. Qxe3 Nb6 18. Nd6 Nd5 19. Qe1 Bc8 20. Rc2 Bd7 21. Nd2 f5 22. b3
cxb3 23. Nxb3 f4 24. Nc5 fxg3 25. fxg3 Bh6 26. Bxd5 cxd5 27. Kg2 Ra7 28. Rb1 Qg5
29. Rb3 Rc7 30. Qa5 Rc6 31. Qc3 Bg7 32. Qd3 Bc8 33. Rbb2 h5 34. h4 Qg4 35. Rf2
Rxc5 36. Rxf8+ Bxf8 37. dxc5 Bd7 38. Rb4 d4 39. Rxd4 Bc6+ 40. Kh2 Qf3 41. Qxg6+
Bg7 42. Qxe6+ Kh7 43. Qf5+ Qxf5 44. Nxf5 Bxe5 45. Rd3 a5 46. Ne7 Be8 47. c6 b4
48. axb4 axb4 49. Rd5 Bc7 50. Rb5 Bd6 51. Rb7 1-0

[Event "Vasylyshyn Memorial WGM"]
[Site "Lviv UKR"]
[Date "2010.11.30"]
[Round "8"]
[White "Chulivska, Vita"]
[Black "Petrenko, Svetlana"]
[Result "1-0"]
[WhiteTitle "WIM"]
[BlackTitle "IM"]
[WhiteElo "2215"]
[BlackElo "2256"]
[WhiteFideId "14108917"]
[BlackFideId "13900196"]
[EventDate "2010.11.23"]
[EventType "tourn"]

1. e4 e5 2. Nf3 Nc6 3. Bb5 a6 4. Ba4 d6 5. O-O Bg4 6. h3 Bh5 7. c3 Nf6 8. Re1
Be7 9. d3 b5 10. Bc2 Qd7 11. Be3 d5 12. exd5 Nxd5 13. Nbd2 O-O 14. Ne4 Nxe3 15.
fxe3 f5 16. Ng3 Bg6 17. e4 Bc5+ 18. Kh2 f4 19. Nf5 Bxf5 20. exf5 Bf2 21. Nxe5
Qd6 22. Bb3+ Kh8 23. Ng6+ hxg6 24. Re6 Qc5 25. Rxg6 Qxf5 26. Rxc6 f3 27. gxf3
Qf4+ 28. Kh1 Rae8 29. Qf1 Qxf3+ 30. Qg2 Qxg2+ 31. Kxg2 Re2 32. Kh1 Bg3 33. Rg6
Rf3 34. Rg5 Kh7 35. Bd5 Rfe3 36. Rf1 Kh6 37. Rg4 Rh2+ 38. Kg1 Rxh3 39. Rf8 Bh2+
40. Kf2 g5 41. Bg2 Kh5 42. Bxh3 Rxh3 43. Re4 Kg6 44. Re6+ Kg7 45. Rf3 Rh5 46.
Rxa6 Bd6 47. b4 g4 48. Re3 Rh2+ 49. Kg1 Rc2 50. d4 Kf6 51. a4 bxa4 52. Rxa4 Kf5
53. Ra8 Rc1+ 54. Kg2 Rc2+ 55. Kf1 g3 56. Rg8 Bf4 57. Rexg3 Bxg3 58. Rxg3 Kf4 59.
Rh3 c6 60. Ke1 Ke4 61. Kd1 Rg2 62. Kc1 Rf2 63. Rh5 Kd3 64. Rc5 Rc2+ 65. Kb1 Rxc3
66. Rxc3+ Kxc3 67. b5 1-0

[Event "Vasylyshyn Memorial WGM"]
[Site "Lviv UKR"]
[Date "2010.11.30"]
[Round "8"]
[White "Cherednichenko, Elena"]
[Black "Soloviova, Liza"]
[Result "1/2-1/2"]
[WhiteTitle "WFM"]
[BlackTitle "WGM"]
[WhiteElo "2149"]
[BlackElo "2315"]
[WhiteFideId "14105560"]
[BlackFideId "14117665"]
[EventDate "2010.11.23"]
[EventType "tourn"]

1. d4 d5 2. c4 c6 3. Nf3 Nf6 4. cxd5 cxd5 5. Nc3 Nc6 6. Bf4 Bf5 7. e3 e6 8. Bd3
Bxd3 9. Qxd3 Bd6 10. Bxd6 Qxd6 11. O-O O-O 12. Rac1 Rac8 13. a3 a6 14. b4 b5 15.
Nd2 1/2-1/2

[Event "Vasylyshyn Memorial WGM"]
[Site "Lviv UKR"]
[Date "2010.11.30"]
[Round "8"]
[White "Hryhorenko, Nataliya"]
[Black "Buksa, Nataliya"]
[Result "1-0"]
[WhiteTitle "WIM"]
[WhiteElo "2344"]
[BlackElo "1943"]
[WhiteFideId "14111390"]
[BlackFideId "14123622"]
[EventDate "2010.11.23"]
[EventType "tourn"]

1. d4 Nf6 2. Nf3 d5 3. c4 e6 4. g3 dxc4 5. Bg2 c5 6. O-O Nc6 7. Ne5 Bd7 8. Na3
cxd4 9. Naxc4 Bc5 10. Qb3 Qc8 11. Bf4 Nd5 12. Nd3 Nxf4 13. Nxc5 Nxe2+ 14. Kh1
Na5 15. Nd6+ Kd8 16. Ncxb7+ Nxb7 17. Nxc8 1-0

[Event "Vasylyshyn Memorial WGM"]
[Site "Lviv UKR"]
[Date "2010.11.30"]
[Round "8"]
[White "Matseyko, Katerina"]
[Black "Chlost, Marlena"]
[Result "1-0"]
[WhiteTitle "WGM"]
[BlackTitle "WFM"]
[WhiteElo "2243"]
[BlackElo "2152"]
[WhiteFideId "14109794"]
[BlackFideId "1122657"]
[EventDate "2010.11.23"]
[EventType "tourn"]

1. e4 c5 2. Nc3 a6 3. g3 b5 4. Bg2 Bb7 5. d3 e6 6. f4 d5 7. Qe2 Nc6 8. Nf3 Nd4
9. Qf2 Nxf3+ 10. Bxf3 b4 11. Ne2 Nf6 12. Qg2 h5 13. h3 Qc7 14. O-O Be7 15. c4
bxc3 16. Nxc3 Rd8 17. e5 Nd7 18. b3 Nb8 19. Be3 Nc6 20. Na4 d4 21. Bd2 Rc8 22.
Rfc1 Nd8 23. b4 Bxf3 24. Qxf3 Qb7 25. Qxb7 Nxb7 26. bxc5 Rc7 27. Rab1 O-O 28. c6
Nd8 29. Rb6 f6 30. Ba5 Ba3 31. Rc4 fxe5 32. Rb8 Rxc6 33. Rxd8 Rxc4 34. Rxf8+
Kxf8 35. dxc4 e4 36. c5 Ke7 37. c6 Bc1 38. c7 Kd7 39. Nc5+ 1-0

[Event "Vasylyshyn Memorial WGM"]
[Site "Lviv UKR"]
[Date "2010.12.01"]
[Round "9"]
[White "Gasik, Anna"]
[Black "Chulivska, Vita"]
[Result "1/2-1/2"]
[WhiteTitle "WFM"]
[BlackTitle "WIM"]
[WhiteElo "2196"]
[BlackElo "2215"]
[WhiteFideId "1121952"]
[BlackFideId "14108917"]
[EventDate "2010.11.23"]
[EventType "tourn"]

1. e4 c5 2. c3 d5 3. exd5 Qxd5 4. d4 Nf6 5. Nf3 e6 6. Be3 cxd4 7. cxd4 Nc6 8.
Nc3 Qd6 9. Bd3 Be7 10. a3 O-O 11. O-O b6 12. Qe2 Bb7 13. Rad1 Rac8 14. Bg5 Rfd8
15. Rfe1 g6 16. Bb5 1/2-1/2

[Event "Vasylyshyn Memorial WGM"]
[Site "Lviv UKR"]
[Date "2010.12.01"]
[Round "9"]
[White "Soloviova, Liza"]
[Black "Hryhorenko, Nataliya"]
[Result "1/2-1/2"]
[WhiteTitle "WGM"]
[BlackTitle "WIM"]
[WhiteElo "2315"]
[BlackElo "2344"]
[WhiteFideId "14117665"]
[BlackFideId "14111390"]
[EventDate "2010.11.23"]
[EventType "tourn"]

1. d4 d5 2. c4 c6 3. cxd5 cxd5 4. Nc3 Nf6 5. Nf3 Nc6 6. Bf4 a6 7. Rc1 Bf5 8. g3
e6 9. Bg2 Be7 10. O-O O-O 11. Na4 Ne4 12. Ne5 Nxe5 13. Bxe5 Rc8 14. Bxe4 Bxe4
15. Qd2 f6 16. Bf4 g5 17. Be3 Rxc1 18. Rxc1 Qd7 19. Nc5 Bxc5 20. Rxc5 Rc8 21.
Qc3 Rxc5 22. Qxc5 Kg7 23. f3 Bf5 24. Bd2 g4 25. Bb4 Qf7 26. f4 h5 27. Qe7 Qxe7
28. Bxe7 Kf7 29. Bd6 Ke8 30. Kf2 Kd7 31. Bc5 Kc6 32. Ke3 Kb5 33. Kd2 Bb1 34. a3
Kc4 35. Bb6 Be4 36. e3 Bg6 37. Bd8 Kb3 38. Kc1 b5 39. Bxf6 b4 40. axb4 Kxb4 41.
Be7+ Kc4 1/2-1/2